PUBG/PlayerUnknown's Battlegrounds non-lethal items & vehicles - Statistics

General Stats
  • This quiz has been taken 625 times
  • The average score is 9 of 13
Answer Stats
Effects Answer % Correct
Health Bandage
92%
Health Over Time/Boost Energy Drink
90%
Health Med Kit
89%
Health First Aid Kit
78%
Health Over Time Painkillers
72%
Vehicle UAZ
66%
Vehicle Buggy
65%
Vehicle Dacia
64%
Vehicle Motorcycle w/ or w/o sidecar
62%
Fuel Gas Can
58%
Boost Adrenaline Syringe
44%
Vehicle PG 117
40%
Food (Pre Alpha) Apple
32%
No matching quizzes found
Score Distribution
Percent of People with Each Score
Percentile by Number Answered
Your Score History
You have not taken this quiz